[Event "Bogota Navidad op"]
[Site "Bogota"]
[Date "2019.12.06"]
[Round "2"]
[White "Barrios, Felipe"]
[Black "Macias Chavarro, Manuela"]
[Result "1/2-1/2"]
[WhiteElo "1832"]
[BlackElo "1478"]
[PlyCount "59"]
[EventDate "2019.12.05"]
[EventType "swiss"]
[EventRounds "7"]
[EventCountry "COL"]
[SourceTitle "CBM 193 Extra"]
[Source "ChessBase"]
[SourceDate "2020.01.31"]
[SourceVersion "1"]
[SourceVersionDate "2020.01.31"]
[SourceQuality "1"]

1. e4 d6 2. d4 Nf6 3. Bd3 e5 4. c3 Be7 5. Ne2 Nbd7 6. 0-0 0-0 7. Ng3 Re8 8. Nf5 Nf8 9. Nxe7+ Qxe7 10. Bg5 h6 11. Bxf6 Qxf6 12. Bc2 Ne6 13. dxe5 dxe5 14. f3 Nf4 15. Rf2 Qb6 16. b3 Bh3 17. g3 Rad8 18. Qe1 Ng2 19. Qe2 Ne3 20. Na3 Qc5 21. Nc4 Nxc4 22. Qxc4 Qe3 23. Qe2 Qxc3 24. Re1 Rd6 25. Qe3 Qxe3 26. Rxe3 Red8 27. Rfe2 h5 28. Rc3 c6 29. Rc5 Rd2 30. Kf2 1/2-1/2

[Event "Uniagraria AlphaZero op 2nd"]
[Site "Uniagraria"]
[Date "2019.11.09"]
[Round "2"]
[White "Barrios, Felipe"]
[Black "Pazos Gambarrotti, Plinio Efrain"]
[Result "0-1"]
[WhiteElo "1858"]
[BlackElo "2125"]
[PlyCount "56"]
[EventDate "2019.11.08"]
[EventType "swiss"]
[EventRounds "7"]
[EventCountry "COL"]
[SourceTitle "CBM 193 Extra"]
[Source "ChessBase"]
[SourceDate "2020.01.31"]
[SourceVersion "1"]
[SourceVersionDate "2020.01.31"]
[SourceQuality "1"]

1. e4 c5 2. Nf3 Nc6 3. Bb5 Qb6 4. c4 g6 5. 0-0 Bg7 6. Nc3 e6 7. Bxc6 Qxc6 8. e5 d6 9. exd6 Qxd6 10. Nb5 Qd8 11. d3 a6 12. Qa4 Bd7 13. Nd6+ Ke7 14. Qa3 Kxd6 15. d4 Ke7 16. Qxc5+ Ke8 17. Bg5 f6 18. Bf4 Ne7 19. Rfe1 Kf7 20. d5 e5 21. Bxe5 fxe5 22. Nxe5+ Bxe5 23. Rxe5 Nf5 24. Rae1 Re8 25. g4 Rxe5 26. Rxe5 Nh4 27. Qe3 Qf6 28. f4 Bxg4 0-1

[Event "Uniagraria AlphaZero op 2nd"]
[Site "Uniagraria"]
[Date "2019.11.09"]
[Round "3"]
[White "Bejarano, Alba Ligia"]
[Black "Barrios, Felipe"]
[Result "0-1"]
[WhiteElo "1543"]
[BlackElo "1858"]
[PlyCount "86"]
[EventDate "2019.11.08"]
[EventType "swiss"]
[EventRounds "7"]
[EventCountry "COL"]
[SourceTitle "CBM 193 Extra"]
[Source "ChessBase"]
[SourceDate "2020.01.31"]
[SourceVersion "1"]
[SourceVersionDate "2020.01.31"]
[SourceQuality "1"]

1. e4 c5 2. Nf3 d6 3. Nc3 Nf6 4. a3 g6 5. h3 Bg7 6. Bc4 0-0 7. d3 Nc6 8. Be3 e6 9. 0-0 d5 10. exd5 exd5 11. Bb3 d4 12. Bg5 dxc3 13. bxc3 h6 14. Bh4 g5 15. Bg3 Re8 16. Re1 Rxe1+ 17. Qxe1 Bf5 18. Rd1 b5 19. c4 a6 20. Qe3 Nd4 21. Ne5 Nxb3 22. cxb3 bxc4 23. bxc4 Rc8 24. d4 cxd4 25. Rxd4 Qe8 26. h4 gxh4 27. Bxh4 Nh7 28. Bg3 Qe6 29. Qf4 Bxe5 30. Qxe5 Qxe5 31. Bxe5 f6 32. Bg3 Be6 33. Rh4 Kg7 34. Re4 Bxc4 35. Re7+ Kg6 36. Re4 Ng5 37. Rg4 f5 38. Rd4 Ne4 39. Bh4 Nc3 40. Rd6+ Kh5 41. Bf6 Ne4 42. Rb6 Nxf6 43. Rxf6 Kg5 0-1

[Event "COL-ch"]
[Site "Bogota"]
[Date "2018.11.08"]
[Round "4"]
[White "Cuevas Sanchez, Bramdon Daniel"]
[Black "Barrios, Felipe"]
[Result "1-0"]
[WhiteElo "1730"]
[BlackElo "1954"]
[PlyCount "55"]
[EventDate "2018.11.06"]
[EventType "swiss"]
[EventRounds "9"]
[EventCountry "COL"]
[SourceTitle "CBM 187 Extra"]
[Source "ChessBase"]
[SourceDate "2018.11.04"]
[SourceVersion "1"]
[SourceVersionDate "2018.11.04"]
[SourceQuality "1"]

1. e4 c5 2. Nf3 d6 3. d4 cxd4 4. Nxd4 Nf6 5. Nc3 a6 6. Bg5 e6 7. Qe2 Be7 8. f4 h6 9. Bxf6 Bxf6 10. 0-0-0 Bxd4 11. Rxd4 Nc6 12. Rd2 Qe7 13. g4 b5 14. Qd1 Bb7 15. Bg2 Rd8 16. h4 Na5 17. g5 Nc4 18. Rd3 g6 19. Qg4 h5 20. Qe2 0-0 21. Bf3 Kg7 22. Qf2 e5 23. f5 Qc7 24. Bxh5 gxh5 25. f6+ Kh7 26. Qf5+ Kh8 27. Qf3 b4 28. Qxh5+ 1-0

[Event "COL-ch"]
[Site "Bogota"]
[Date "2018.11.07"]
[Round "2"]
[White "Nunez V, Gustavo Eduardo"]
[Black "Barrios, Felipe"]
[Result "1-0"]
[WhiteElo "2152"]
[BlackElo "1954"]
[PlyCount "87"]
[EventDate "2018.11.06"]
[EventType "swiss"]
[EventRounds "9"]
[EventCountry "COL"]
[SourceTitle "CBM 187 Extra"]
[Source "ChessBase"]
[SourceDate "2018.11.04"]
[SourceVersion "1"]
[SourceVersionDate "2018.11.04"]
[SourceQuality "1"]

1. e4 c5 2. c4 Nc6 3. Nf3 d6 4. d4 cxd4 5. Nxd4 Nf6 6. Nc3 e5 7. Nc2 h6 8. Be2 Be6 9. Be3 Be7 10. Qd2 a6 11. 0-0 0-0 12. h3 Rc8 13. Rac1 Nb8 14. b3 Nbd7 15. Rfd1 Nc5 16. Bf3 Kh7 17. Nb4 g5 18. Nbd5 Bxd5 19. Nxd5 Nxd5 20. Qxd5 Qc7 21. Bg4 Rcd8 22. Rd2 Qc6 23. Rcd1 Qxd5 24. Rxd5 Ne6 25. Bb6 Rc8 26. c5 dxc5 27. Rd7 Rfe8 28. Rxb7 Kg8 29. Rdd7 Kf8 30. Ba5 Rc6 31. Bxe6 Rxe6 32. Kf1 Rd6 33. Rxd6 Bxd6 34. Rb6 Ke7 35. Rxa6 Rc8 36. Bc3 f6 37. Ke2 c4 38. b4 h5 39. Kd2 Kd7 40. Kc2 Rb8 41. a3 Kc7 42. Bd2 Rb6 43. Rxb6 Kxb6 44. a4 1-0

[Event "Pan American-ch Seniors 50"]
[Site "Neiva"]
[Date "2017.10.15"]
[Round "8"]
[White "Barrios, Felipe"]
[Black "Guzman, River"]
[Result "1/2-1/2"]
[WhiteElo "1972"]
[BlackElo "1870"]
[PlyCount "89"]
[EventDate "2017.10.11"]
[EventType "swiss"]
[EventRounds "9"]
[EventCountry "COL"]
[SourceTitle "CBM 181 Extra"]
[Source "ChessBase"]
[SourceDate "2017.12.12"]
[SourceVersion "1"]
[SourceVersionDate "2017.12.12"]
[SourceQuality "1"]

1. e4 c5 2. Nf3 d6 3. d4 cxd4 4. Nxd4 Nf6 5. Nc3 a6 6. Bg5 e6 7. f4 Qc7 8. Qf3 b5 9. 0-0-0 Bb7 10. Bd3 Nbd7 11. g4 b4 12. Nce2 Be7 13. Bxf6 Nxf6 14. g5 Nd7 15. h4 0-0-0 16. Kb1 Kb8 17. Rc1 Qb6 18. h5 Nc5 19. Qg2 f5 20. gxf6 Bxf6 21. Nb3 Na4 22. c3 bxc3 23. Nxc3 Nxc3+ 24. bxc3 a5 25. Qg1 Qxg1 26. Rhxg1 a4 27. Nd4 Rhe8 28. Ne2 Kc7 29. Kc2 Bc6 30. Rb1 Rb8 31. Rb4 Rb6 32. Rgb1 Reb8 33. a3 d5 34. e5 Be7 35. Rxb6 Rxb6 36. Rxb6 Kxb6 37. Kb2 h6 38. Nd4 Bd7 39. f5 exf5 40. e6 Be8 41. Nxf5 Bf6 42. Be2 Kc5 43. Kc2 d4 44. cxd4+ Bxd4 45. Bf3 1/2-1/2

[Event "Pan American-ch Seniors 50"]
[Site "Neiva"]
[Date "2017.10.11"]
[Round "2"]
[White "Rodriguez Rivera, Pedro"]
[Black "Barrios, Felipe"]
[Result "1-0"]
[WhiteElo "2206"]
[BlackElo "1972"]
[PlyCount "64"]
[EventDate "2017.10.11"]
[EventType "swiss"]
[EventRounds "9"]
[EventCountry "COL"]
[SourceTitle "CBM 181 Extra"]
[Source "ChessBase"]
[SourceDate "2017.12.12"]
[SourceVersion "1"]
[SourceVersionDate "2017.12.12"]
[SourceQuality "1"]

1. e4 c5 2. Nc3 d6 3. g3 Nf6 4. Bg2 Nc6 5. d3 g6 6. h3 Bg7 7. Be3 a6 8. Qd2 h6 9. Nge2 Rb8 10. f4 e6 11. 0-0 Qc7 12. d4 cxd4 13. Nxd4 Bd7 14. Nb3 b5 15. Rad1 Bf8 16. e5 dxe5 17. fxe5 Nh5 18. g4 Ng3 19. Rxf7 Kxf7 20. Qxd7+ Qxd7 21. Rxd7+ Ne7 22. Kf2 Ngf5 23. Ba7 Rc8 24. Nc5 Nh4 25. N3e4 Rxc5 26. Bxc5 g5 27. Nd6+ Kg8 28. Be4 Nhg6 29. Rd8 Kg7 30. Bd4 Nf4 31. Nc8 Nxh3+ 32. Ke3 Nxc8 1-0

[Event "Bogota Samana Santa op 4th"]
[Site "Bogota"]
[Date "2016.05.09"]
[Round "6"]
[White "Lopez Ramirez, Jorge Hernan"]
[Black "Barrios, Felipe"]
[Result "1-0"]
[WhiteElo "1995"]
[BlackElo "1981"]
[PlyCount "87"]
[EventDate "2016.05.06"]
[EventType "swiss"]
[EventRounds "7"]
[EventCountry "COL"]
[SourceTitle "EXT 2017"]
[Source "ChessBase"]
[SourceDate "2016.10.25"]
[SourceVersion "1"]
[SourceVersionDate "2016.10.25"]
[SourceQuality "1"]

1. e4 c6 2. c4 d5 3. exd5 cxd5 4. cxd5 Nf6 5. Bb5+ Bd7 6. Bc4 g6 7. Nc3 Bg7 8. Nge2 0-0 9. 0-0 a6 10. a4 Qc7 11. d3 Ng4 12. Bf4 Be5 13. Bxe5 Nxe5 14. Qb3 Bf5 15. Ng3 Bxd3 16. Bxd3 Nxd3 17. Nce4 Nf4 18. Rac1 Qd7 19. d6 Nc6 20. Rfe1 Ne6 21. Rcd1 Rfc8 22. Re3 Na5 23. Qd5 Nc4 24. Rf3 Nxd6 25. h4 Qc6 26. Nxd6 Qxd6 27. Qb3 Qc7 28. h5 Qc2 29. h6 Qxb3 30. Rxb3 Rc7 31. Rbd3 f5 32. Re1 Kf7 33. Ne2 Rac8 34. Nc3 Nf4 35. Rde3 Rd8 36. Rf3 Nd3 37. Re2 e6 38. Ne4 Rc1+ 39. Kh2 Ne1 40. Ng5+ Kg8 41. Rfe3 Nd3 42. Rd2 Rh1+ 43. Kxh1 Nxf2+ 44. Rxf2 1-0

[Event "Bogota Samana Santa op 4th"]
[Site "Bogota"]
[Date "2016.05.08"]
[Round "5"]
[White "Barrios, Felipe"]
[Black "Vargas, Diana Paola"]
[Result "0-1"]
[WhiteElo "1981"]
[BlackElo "1721"]
[PlyCount "76"]
[EventDate "2016.05.06"]
[EventType "swiss"]
[EventRounds "7"]
[EventCountry "COL"]
[SourceTitle "EXT 2017"]
[Source "ChessBase"]
[SourceDate "2016.10.25"]
[SourceVersion "1"]
[SourceVersionDate "2016.10.25"]
[SourceQuality "1"]

1. e4 c5 2. Nf3 Nc6 3. Bb5 e6 4. 0-0 Nf6 5. Bxc6 dxc6 6. e5 Nd5 7. d3 Be7 8. Re1 0-0 9. Nbd2 f5 10. exf6 Bxf6 11. Ne4 e5 12. Nxf6+ Qxf6 13. Bg5 Qg6 14. c4 Nf4 15. Bxf4 exf4 16. Re7 Bh3 17. Ne1 Bxg2 18. Nxg2 f3 19. Qf1 Rf5 20. Kh1 fxg2+ 21. Qxg2 Qf6 22. Rxb7 Rf8 23. Rg1 Rf7 24. Rb8+ Rf8 25. Rxf8+ Kxf8 26. Rf1 Qxb2 27. Qxc6 Qe5 28. Qa8+ Kf7 29. Qxa7+ Kg6 30. Qb7 Qf6 31. Qe4 Kf7 32. f3 g6 33. Rb1 Kg7 34. Rb7+ Kh6 35. Qe3+ Rg5 36. h4 Qa1+ 37. Kh2 Qxa2+ 38. Kh3 Qg2# 0-1

[Event "Bogota Distrital-ch 78th"]
[Site "Bogota"]
[Date "2016.04.10"]
[Round "5"]
[White "Barrios, Felipe"]
[Black "Penas Burgos, Nestor"]
[Result "1-0"]
[WhiteElo "1986"]
[BlackElo "1747"]
[PlyCount "120"]
[EventDate "2016.04.08"]
[EventType "swiss"]
[EventRounds "6"]
[EventCountry "COL"]
[SourceTitle "CBM 172 Extra"]
[Source "ChessBase"]
[SourceDate "2016.06.21"]
[SourceVersion "1"]
[SourceVersionDate "2016.06.21"]
[SourceQuality "1"]

1. e4 e5 2. f4 exf4 3. Nf3 d6 4. Bc4 Nc6 5. 0-0 Nf6 6. d3 Ne5 7. Nc3 Bg4 8. Bxf4 Nxf3+ 9. gxf3 Bh3 10. Rf2 Be7 11. Bg3 c6 12. d4 Nh5 13. Bf1 Bd7 14. f4 Nxg3 15. hxg3 h5 16. Qd3 Qb6 17. Nd1 c5 18. c3 h4 19. Rh2 0-0-0 20. Rc1 Kb8 21. Ne3 cxd4 22. Nd5 dxc3+ 23. Nxb6 axb6 24. Rxc3 Bc6 25. Bg2 Bf6 26. Rb3 b5 27. g4 g5 28. f5 Be5 29. Rh3 Rh6 30. Qd1 Kc7 31. Rbd3 f6 32. Qb3 Rh7 33. Bf3 Re7 34. Qc2 Kb8 35. Kg2 Rc7 36. Qd1 Bf4 37. Rh1 Re7 38. Re1 Be5 39. Qd2 h3+ 40. Kh1 Kc7 41. Qa5+ Kc8 42. Rc1 Rc7 43. Qb6 Rdd7 44. Ra3 Kd8 45. Rxc6 bxc6 46. Ra7 d5 47. exd5 cxd5 48. Rxc7 Rxc7 49. Bxd5 Bxb2 50. Be6 Be5 51. Bb3 Kd7 52. Qe6+ Kd8 53. Qg8+ Kd7 54. Qh7+ Kd6 55. Qxh3 Rc3 56. Qh8 Kc5 57. Qd8 Rh3+ 58. Kg2 Rg3+ 59. Kf2 Rxg4 60. Be6 Ra4 1-0

[Event "Bogota Distrital-ch 78th"]
[Site "Bogota"]
[Date "2016.04.09"]
[Round "3"]
[White "Barrios, Felipe"]
[Black "Otalora Pacheco, Carlos Eduardo"]
[Result "0-1"]
[WhiteElo "1986"]
[BlackElo "2098"]
[PlyCount "56"]
[EventDate "2016.04.08"]
[EventType "swiss"]
[EventRounds "6"]
[EventCountry "COL"]
[SourceTitle "CBM 172 Extra"]
[Source "ChessBase"]
[SourceDate "2016.06.21"]
[SourceVersion "1"]
[SourceVersionDate "2016.06.21"]
[SourceQuality "1"]

1. d4 Nf6 2. c4 e6 3. Nf3 d5 4. Nc3 c6 5. Bg5 h6 6. Bxf6 Qxf6 7. e4 dxe4 8. Nxe4 Bb4+ 9. Ke2 Qd8 10. Qb3 Ba5 11. g3 0-0 12. Bg2 Bc7 13. Rad1 Qe7 14. h4 Nd7 15. Kf1 e5 16. d5 Nc5 17. Qe3 Nxe4 18. Qxe4 f5 19. Qe3 f4 20. gxf4 Rxf4 21. b3 Bg4 22. Re1 Raf8 23. Re2 Bb6 24. Qxe5 Qxe5 25. Rxe5 Bxf3 26. Bxf3 Rxf3 27. Rh2 Bxf2 28. Ke2 Bg3 0-1

[Event "Bogota University op 8th"]
[Site "Bogota"]
[Date "2014.10.10"]
[Round "3"]
[White "Hernandez Moya, Yuleisis"]
[Black "Barrios, Felipe"]
[Result "1-0"]
[WhiteElo "2248"]
[BlackElo "1991"]
[PlyCount "55"]
[EventDate "2014.10.09"]
[EventType "swiss"]
[EventRounds "9"]
[EventCountry "COL"]
[SourceTitle "EXT 2015"]
[Source "ChessBase"]
[SourceDate "2014.11.20"]
[SourceVersion "1"]
[SourceVersionDate "2014.11.20"]
[SourceQuality "1"]

1. e4 c5 2. Nf3 d6 3. Bb5+ Nc6 4. 0-0 Bg4 5. c3 Qb6 6. Be2 Nf6 7. d3 g6 8. Nbd2 Bg7 9. h3 Bxf3 10. Nxf3 0-0 11. Qc2 a5 12. a4 Rfe8 13. Be3 Rac8 14. Rae1 e6 15. Nd2 d5 16. f4 d4 17. Nc4 Qd8 18. Bd2 Rb8 19. Qb3 b6 20. f5 exf5 21. exf5 Nd5 22. fxg6 hxg6 23. Bf3 Rxe1 24. Bxe1 Nce7 25. Bg3 dxc3 26. bxc3 Bxc3 27. Nd6 Bd4+ 28. Kh1 1-0

[Event "Medellin Flores op 20th"]
[Site "Medellin"]
[Date "2014.08.09"]
[Round "6"]
[White "Barrios, Felipe"]
[Black "Blandon, Luis Guillermo"]
[Result "0-1"]
[WhiteElo "2006"]
[BlackElo "2077"]
[PlyCount "72"]
[EventDate "2014.08.06"]
[EventType "swiss"]
[EventRounds "9"]
[EventCountry "COL"]
[SourceTitle "CBM 162 Extra"]
[Source "ChessBase"]
[SourceDate "2014.10.17"]
[SourceVersion "1"]
[SourceVersionDate "2014.10.17"]
[SourceQuality "1"]

1. e4 c5 2. Nf3 d6 3. d4 cxd4 4. Nxd4 Nf6 5. Nc3 g6 6. Be3 Bg7 7. f3 0-0 8. Qd2 Nc6 9. 0-0-0 Nxd4 10. Bxd4 Be6 11. Nd5 Bxd5 12. exd5 Qc7 13. Kb1 Rfc8 14. Rc1 a5 15. a4 Qd7 16. Bb5 Qf5 17. Bxf6 Bxf6 18. Qd3 Qe5 19. c3 Rc5 20. Rc2 Rxd5 21. Qe2 Qf5 22. g3 Rc5 23. Rd1 Rac8 24. Ka2 d5 25. h4 d4 26. c4 Re5 27. Qd3 Re3 28. Qxf5 gxf5 29. Rf2 Rd8 30. Rdd2 e5 31. Kb1 Be7 32. Kc2 d3+ 33. Kc1 Re1+ 34. Rd1 Rxd1+ 35. Kxd1 Bb4 36. c5 e4 0-1

[Event "Medellin Flores op 20th"]
[Site "Medellin"]
[Date "2014.08.08"]
[Round "4"]
[White "Barrios, Felipe"]
[Black "Aristizabal Lopez, Jorge Alberto"]
[Result "1-0"]
[WhiteElo "2006"]
[BlackElo "1915"]
[PlyCount "43"]
[EventDate "2014.08.06"]
[EventType "swiss"]
[EventRounds "9"]
[EventCountry "COL"]
[SourceTitle "CBM 162 Extra"]
[Source "ChessBase"]
[SourceDate "2014.10.17"]
[SourceVersion "1"]
[SourceVersionDate "2014.10.17"]
[SourceQuality "1"]

1. e4 e5 2. f4 d6 3. Nf3 Nc6 4. Bc4 Be7 5. 0-0 Nf6 6. Nc3 exf4 7. d4 Bg4 8. Bxf4 0-0 9. h3 Bh5 10. Qd2 Nxe4 11. Bxf7+ Rxf7 12. Nxe4 h6 13. Rae1 Qd7 14. d5 Nd8 15. Nd4 Bg6 16. Bxh6 Rxf1+ 17. Kxf1 gxh6 18. Qxh6 Bf7 19. Ng5 Bxg5 20. Qxg5+ Kf8 21. Qh6+ Kg8 22. Re3 1-0

[Event "Bogota IRT Mayor U1900"]
[Site "Bogota"]
[Date "2013.12.15"]
[Round "8.1"]
[White "Jimenez, Leonardo Andres"]
[Black "Barrios, Felipe"]
[Result "0-1"]
[WhiteElo "1875"]
[BlackElo "1948"]
[PlyCount "54"]
[EventDate "2013.12.11"]
[EventType "tourn"]
[EventRounds "9"]
[EventCountry "COL"]
[SourceTitle "EXT 2024"]
[Source "ChessBase"]
[SourceDate "2023.10.10"]
[SourceVersion "1"]
[SourceVersionDate "2023.10.10"]
[SourceQuality "1"]

1. e4 Nf6 2. Nc3 e5 3. d3 Bc5 4. Bg5 c6 5. Nf3 d6 6. g3 h6 7. Bxf6 Qxf6 8. a3 Bg4 9. Bg2 Nd7 10. 0-0 g5 11. Na4 h5 12. Nxc5 Nxc5 13. h3 Bxh3 14. Bxh3 g4 15. Bxg4 hxg4 16. Nh4 Rxh4 17. gxh4 Qxh4 18. Qe2 0-0-0 19. f3 g3 20. f4 exf4 21. Qg2 Ne6 22. Qh1 Qxh1+ 23. Kxh1 Rh8+ 24. Kg1 Rh2 25. b4 Ng5 26. Rxf4 Nh3+ 27. Kf1 Nxf4 0-1

[Event "Bogota IRT Mayor U1900"]
[Site "Bogota"]
[Date "2013.12.11"]
[Round "1.2"]
[White "Manrique, Fernando"]
[Black "Barrios, Felipe"]
[Result "1/2-1/2"]
[WhiteElo "1997"]
[BlackElo "1948"]
[PlyCount "78"]
[EventDate "2013.12.11"]
[EventType "tourn"]
[EventRounds "9"]
[EventCountry "COL"]
[SourceTitle "EXT 2024"]
[Source "ChessBase"]
[SourceDate "2023.10.10"]
[SourceVersion "1"]
[SourceVersionDate "2023.10.10"]
[SourceQuality "1"]

1. e4 c6 2. Nc3 d5 3. Nf3 Bg4 4. h3 Bxf3 5. Qxf3 d4 6. Ne2 e5 7. Ng3 Nd7 8. Bc4 Ngf6 9. Qb3 Nc5 10. Bxf7+ Kd7 11. Qf3 g6 12. d3 Qe7 13. Bb3 Bg7 14. Bd2 Rhf8 15. Qe2 a5 16. c3 dxc3 17. Bxc3 Kc7 18. 0-0 h5 19. Qd2 b6 20. Bc2 Nfd7 21. b4 axb4 22. Bxb4 h4 23. Ne2 g5 24. f3 Qf6 25. Qc3 Rfb8 26. a4 Bf8 27. a5 b5 28. d4 exd4 29. Nxd4 Ra6 30. Rfd1 Bd6 31. Nf5 Be5 32. Nd4 Qf4 33. Bxc5 Qh2+ 34. Kf1 Qh1+ 35. Kf2 Bg3+ 36. Ke3 Bf4+ 37. Kf2 Bg3+ 38. Ke3 Bf4+ 39. Kf2 Bg3+ 1/2-1/2

[Event "Bogota McGregor op 4th"]
[Site "Bogota"]
[Date "2013.12.07"]
[Round "7"]
[White "Hernandez, Gonzalo"]
[Black "Barrios, Felipe"]
[Result "0-1"]
[WhiteElo "2131"]
[BlackElo "1948"]
[PlyCount "104"]
[EventDate "2013.12.04"]
[EventType "swiss"]
[EventRounds "9"]
[EventCountry "COL"]
[SourceTitle "CBM 157 Extra"]
[Source "ChessBase"]
[SourceDate "2013.12.19"]
[SourceVersion "1"]
[SourceVersionDate "2013.12.19"]
[SourceQuality "1"]

1. e4 c6 2. d4 d5 3. e5 Bf5 4. Nc3 e6 5. g4 Bg6 6. Nge2 Bb4 7. a3 Bxc3+ 8. bxc3 h5 9. g5 Qa5 10. h4 Nd7 11. Bd2 Qa4 12. Ra2 Nb6 13. Nf4 Ne7 14. Qb1 Be4 15. Rh3 g6 16. Rb2 0-0 17. Kd1 Nc4 18. Rb4 Qa6 19. Bxc4 dxc4 20. Rxb7 Nf5 21. f3 Bd5 22. Qb2 Rad8 23. Ke2 Nxd4+ 24. Kf2 Nb5 25. Re7 Bxf3 26. Be3 Bg4 27. Rh1 Rfe8 28. Rxe8+ Rxe8 29. Bc5 Qa5 30. Qb4 Qc7 31. Re1 a5 32. Qxc4 Rd8 33. Nd3 Bf5 34. a4 Na7 35. Qa6 Nc8 36. Qc4 Rd5 37. Bd4 Nb6 38. Qa6 c5 39. Be3 Bxd3 40. cxd3 Qxe5 41. Re2 Qh2+ 42. Kf1 Rf5+ 43. Rf2 Nd5 44. Bxc5 Qh1+ 45. Ke2 Nxc3+ 46. Kd2 Rxc5 47. Qa7 Qd1+ 48. Ke3 Nd5+ 49. Kd4 Rc7 50. Qb8+ Kg7 51. Qb2 Qxa4+ 52. Ke5 Qb4 0-1

[Event "Bogota McGregor op 4th"]
[Site "Bogota"]
[Date "2013.12.05"]
[Round "3"]
[White "Barrios, Felipe"]
[Black "Ruiz Castillo, Joshua Daniel"]
[Result "0-1"]
[WhiteElo "1948"]
[BlackElo "2391"]
[PlyCount "108"]
[EventDate "2013.12.04"]
[EventType "swiss"]
[EventRounds "9"]
[EventCountry "COL"]
[SourceTitle "CBM 157 Extra"]
[Source "ChessBase"]
[SourceDate "2013.12.19"]
[SourceVersion "1"]
[SourceVersionDate "2013.12.19"]
[SourceQuality "1"]

1. c4 c5 2. Nc3 Nc6 3. g3 g6 4. Bg2 Bg7 5. Nf3 d6 6. 0-0 e6 7. e3 Nge7 8. d4 0-0 9. dxc5 dxc5 10. Qc2 a6 11. Rd1 Qc7 12. a3 b6 13. b3 Bb7 14. Bb2 Rad8 15. Ne4 e5 16. Nc3 h6 17. Nd5 Nxd5 18. cxd5 Ne7 19. e4 f5 20. exf5 Nxf5 21. g4 Ne7 22. Nh4 Qd6 23. Be4 Kh7 24. Rd2 Qf6 25. Ng2 Bxd5 26. Rad1 Bxe4 27. Qxe4 Rxd2 28. Rxd2 Nc6 29. h4 Kh8 30. f4 Nd4 31. Bxd4 exd4 32. g5 Qf5 33. Qxf5 Rxf5 34. Kf2 b5 35. Kf3 c4 36. bxc4 bxc4 37. Ke4 Ra5 38. gxh6 Bf6 39. Rc2 Rc5 40. Ne1 Rc8 41. Nd3 Kh7 42. Ne5 Bxe5 43. fxe5 d3 44. Rg2 Rd8 45. Rd2 Kxh6 46. e6 Kg7 47. e7 Re8 48. Kd4 Rxe7 49. Kxc4 Rc7+ 50. Kb4 Rd7 51. Kc3 Kh6 52. Rh2 d2 53. Rxd2 Rxd2 54. Kxd2 Kh5 0-1

[Event "Duitama op 9th"]
[Site "Duitama"]
[Date "2013.01.07"]
[Round "7"]
[White "Camargo, Santiago"]
[Black "Barrios, Felipe"]
[Result "1/2-1/2"]
[WhiteElo "2041"]
[BlackElo "1725"]
[PlyCount "96"]
[EventDate "2013.01.03"]
[EventType "swiss"]
[EventRounds "7"]
[EventCountry "COL"]
[SourceTitle "CBM 152 Extra"]
[Source "ChessBase"]
[SourceDate "2013.02.25"]
[SourceVersion "1"]
[SourceVersionDate "2013.02.25"]
[SourceQuality "1"]

1. e4 c5 2. Nf3 d6 3. d4 cxd4 4. Nxd4 Nf6 5. Nc3 a6 6. f3 e6 7. Be3 Qc7 8. Qd2 Nc6 9. g4 Ne5 10. 0-0-0 Nc4 11. Bxc4 Qxc4 12. h4 Be7 13. h5 h6 14. Rdg1 b5 15. Kb1 Bb7 16. g5 hxg5 17. Bxg5 0-0-0 18. Re1 Kb8 19. Qe3 Rh7 20. Nce2 Rdh8 21. Ng3 Bd8 22. Nb3 Qc7 23. Bxf6 Bxf6 24. Rhg1 Rc8 25. Rg2 Rhh8 26. f4 Bh4 27. Rd2 Bxg3 28. Qxg3 Rxh5 29. Qxg7 Bxe4 30. Nd4 d5 31. a3 Qxf4 32. Ree2 Rh1+ 33. Ka2 Qc7 34. Qf6 Qc4+ 35. Nb3 Qc7 36. Qf2 f5 37. Nd4 Qc4+ 38. Nb3 Qc7 39. Nd4 e5 40. Ne6 Qc4+ 41. b3 Qc6 42. Ng5 d4 43. Nxe4 fxe4 44. Qg3 Qd5 45. Qg6 e3 46. Rxe3 Qc5 47. Rxe5 Qxe5 48. Qb6+ Ka8 1/2-1/2